书目信息 |
| 题名: |
农村生活安全常识
|
|
| 作者: | 刘善江 主编 | |
| 分册: | ||
| 出版信息: | 北京 同心出版社 2005 |
|
| 页数: | 108页 | |
| 开本: | 21cm | |
| 丛书名: | ||
| 单 册: | ||
| 中图分类: | X956 | |
| 科图分类: | ||
| 主题词: | 农村 , 生活 , 农村--生活--安全--教材 , 安全 | |
| 电子资源: | ||
| ISBN: | 7-80716-075-6 | |
| 000 | 00949nam0 2200301 450 | |
| 001 | 1161078239 | |
| 005 | 20111201165826.87 | |
| 010 | @a7-80716-075-6@dCNY6.00 | |
| 090 | @aX93@blsj | |
| 096 | @aX9@bzgf | |
| 100 | @a20051103d2005 em y0chiy50 ea | |
| 101 | 0 | @achi |
| 102 | @aCN@b110000 | |
| 105 | @aa z 000yy | |
| 200 | 1 | @a农村生活安全常识@b专著@f刘善江主编@9nong cun sheng huo an quan chang shi |
| 210 | @a北京@c同心出版社@d2005 | |
| 215 | @a108页@c图@d21cm | |
| 300 | @a新型农民培训教材 | |
| 304 | @a中国扶贫基金会,中央农业广播电视学校组编 | |
| 330 | @a本书包括用电安全知识、用气及冬季取暖安全常识、驱蚊安全常识、卫生健康安全常识、交通安全常识、饮食安全常识等。 | |
| 606 | 0 | @a农村 |
| 606 | 0 | @a生活 |
| 606 | 0 | @a农村@x生活@x安全@j教材 |
| 606 | 0 | @a安全 |
| 690 | @aX956@v4 | |
| 701 | 0 | @a刘善江@c(农村知识)@4主编@9liu shan jiang |
| 801 | 0 | @aCN@b大连网信软件有限公司图书馆·11@c20111201 |
| 905 | @aZUCC@dX956@eL672 | |
| 农村生活安全常识/刘善江主编.-北京:同心出版社,2005 |
| 108页:图;21cm |
| 新型农民培训教材 |
| ISBN 7-80716-075-6:CNY6.00 |
| 本书包括用电安全知识、用气及冬季取暖安全常识、驱蚊安全常识、卫生健康安全常识、交通安全常识、饮食安全常识等。 |
| ● |
| 相关链接 |
|
|
|
正题名:农村生活安全常识
索取号:X956/L672
 
预约/预借
| 序号 | 登录号 | 条形码 | 馆藏地/架位号 | 状态 | 备注 |
| 1 | 827052 | 208270529 | 自科库501/501自科库 122排2列4层/ [索取号:X956/L672] | 在馆 | |
| 2 | 827053 | 208270538 | 自科库501/501自科库 122排2列4层/ [索取号:X956/L672] | 在馆 | |
| 3 | 827054 | 208270547 | 期刊室512/501自科库 122排2列4层/ [索取号:X956/L672] | 在馆 |